[Event "STICH 2324 SG Solingen II - SV Worms 187"]
[Site "?"]
[Date "2024.05.04"]
[Round "10.1"]
[White "Nasshan, Dennis"]
[Black "Roseneck, Jonas"]
[Result "1/2-1/2"]
[WhiteElo "2329"]
[BlackElo "2389"]
[PlyCount "82"]
[EventDate "2024.??.??"]

1. d4 Nf6 2. Nf3 d5 3. g3 c5 4. Bg2 Nc6 5. O-O e6 6. c4 dxc4 7. Ne5 Bd7 8. Na3 cxd4 9. Naxc4 Be7 10. Bf4 O-O 11. Qb3 Nxe5 12. Nxe5 Qb6 13. Nxd7 Nxd7 14. Bxb7 Rad8 15. Qxb6 Nxb6 16. Rac1 Bd6 17. Bd2 Rb8 18. Bg2 Rfc8 19. Rxc8+ Rxc8 20. Rc1 Rxc1+ 21. Bxc1 Kf8 22. Kf1 Ke7 23. Ke1 e5 24. e3 Bc5 25. exd4 Bxd4 26. b3 Kd6 27. f4 f5 28. fxe5+ Kxe5 29. Bf4+ Ke6 30. Bf1 Kf6 31. Bg2 Ke6 32. Bf1 h6 33. Bc7 Be5 34. Bxb6 axb6 35. Bc4+ Kd6 36. Kf2 Kc5 37. Be6 g6 38. Bf7 g5 39. Be6 f4 40. gxf4 Bxf4 41. h3 b5 1/2-1/2

[Event "STICH 2324 SG Solingen II - SV Worms 187"]
[Site "?"]
[Date "2024.05.04"]
[Round "10.2"]
[White "Wegerle, Joerg"]
[Black "Musiolik, David"]
[Result "1/2-1/2"]
[WhiteElo "2411"]
[BlackElo "2263"]
[PlyCount "139"]
[EventDate "2024.??.??"]

1. d4 d5 2. Nf3 e6 3. g3 Nf6 4. Bg2 a6 5. O-O Nbd7 6. b3 b6 7. Bb2 Bb7 8. Nbd2 Bd6 9. c4 O-O 10. Ne5 c5 11. cxd5 exd5 12. Nxd7 Nxd7 13. Nc4 Be7 14. Ne3 Nf6 15. dxc5 bxc5 16. Rc1 Ne4 17. Bxe4 dxe4 18. Nf5 f6 19. Qxd8 Bxd8 20. Nd6 Rb8 21. Nxb7 Rxb7 22. Rxc5 Bb6 23. Rc6 Rd8 24. Bc3 Rd5 25. Rc1 Kf7 26. e3 h5 27. h4 Kg6 28. Kf1 Kf5 29. Ke2 a5 30. Rd1 Rb5 31. Bd4 a4 32. bxa4 Rb4 33. Rxb6 R7xb6 34. Bxb6 Rxb6 35. Rd5+ Kg4 36. Rb5 Rc6 37. Kf1 Rc2 38. a3 Rc3 39. Kg2 Rxa3 40. Ra5 Ra1 41. Ra7 g6 42. a5 Kf5 43. a6 Ra3 44. Ra8 Ra2 45. a7 Ra1 46. f3 exf3+ 47. Kxf3 Rf1+ 48. Ke2 Ra1 49. e4+ Kg4 50. Rg8 Ra2+ 51. Ke3 Ra3+ 52. Kd4 Rxa7 53. Rxg6+ Kf3 54. Rxf6+ Kxg3 55. e5 Kxh4 56. e6 Kg3 57. Rf7 Ra1 58. Rf5 Rd1+ 59. Ke5 Re1+ 60. Kf6 h4 61. Rg5+ Kf2 62. Rh5 Kg3 63. e7 h3 64. Re5 Rxe5 65. Kxe5 h2 66. e8=Q h1=Q 67. Qg6+ Kf2 68. Qc2+ Kg3 69. Qe4 Qxe4+ 70. Kxe4 1/2-1/2

[Event "STICH 2324 SG Solingen II - SV Worms 187"]
[Site "?"]
[Date "2024.05.04"]
[Round "10.3"]
[White "Gaponenko, Inna"]
[Black "Karsay, Pascal"]
[Result "1/2-1/2"]
[WhiteElo "2332"]
[BlackElo "2359"]
[PlyCount "90"]
[EventDate "2024.??.??"]

{[%evp 0,90,23,19,19,41,27,19,14,-12,11,1,1,12,12,12,0,-6,-6,-16,-16,-21,6,1,21,24,11,11,23,23,12,13,3,9,22,8,8,8,7,8,1,1,-2,0,0,-18,-16,-1,0,0,0,0,29,45,29,2,29,0,33,0,0,0,0,-2,0,7,9,12,10,8,6,2,0,0,0,43,43,40,40,40,40,48,55,0,0,0,0,0,0,0,0,0,0]} 1. e4 e5 2. Nf3 Nc6 3. Nc3 Nf6 4. d4 exd4 5. Nxd4 Bb4 6. Nxc6 bxc6 7. Bd3 O-O 8. O-O Re8 9. Bg5 h6 10. Bh4 g5 11. Bg3 Bxc3 12. bxc3 Nxe4 13. f4 Nxg3 14. hxg3 Qf6 15. Qh5 Re7 16. fxg5 Qxg5 17. Qxg5+ hxg5 18. Rf5 d6 19. Rxg5+ Kf8 20. Rh5 Re8 21. Rb1 Ke7 22. c4 Be6 23. Ra5 c5 24. Rb7 Kd7 25. Raxa7 Rac8 26. Kf2 Rg8 27. Be2 Rg5 28. Rb3 Re5 29. Re3 Rxe3 30. Kxe3 Rg8 31. Kf2 Rb8 32. Bd3 Rb4 33. Ke3 Rb1 34. Ra8 Rg1 35. Kf2 Ra1 36. Ke3 c6 37. Ra7+ Kc8 38. g4 Kb8 39. Re7 d5 40. g5 dxc4 41. g6 cxd3 42. g7 dxc2 43. g8=Q+ Bc8 44. Qg3+ Ka8 45. Ra7+ Kxa7 1/2-1/2

[Event "STICH 2324 SG Solingen II - SV Worms 187"]
[Site "?"]
[Date "2024.05.04"]
[Round "10.4"]
[White "Ollenberger, Roland"]
[Black "Schlecht, Daniel"]
[Result "0-1"]
[WhiteElo "2257"]
[BlackElo "2364"]
[PlyCount "108"]
[EventDate "2024.??.??"]

{[%evp 0,108,27,27,41,19,5,-10,-5,-9,-17,-54,-27,-27,-32,-26,-20,-67,-68,-68,-70,-75,-52,-53,-53,-43,-65,-59,-54,-62,-59,-79,-60,-42,-69,-79,-89,-77,-77,-77,-64,-77,-77,-76,-71,-71,-71,-59,-59,-60,-61,-75,-63,-51,-76,-148,-156,-163,-122,-136,-105,-102,-102,-172,-199,-183,-120,-145,-108,-114,-114,-108,-96,-96,-84,-84,-94,-82,-102,-93,-113,-129,-116,-109,-102,-124,-145,-141,-128,-120,-117,-116,-124,-140,-127,-145,-145,-142,-144,-144,-125,-159,-166,-165,-165,-163,-177,-168,-186,-246,-267]} 1. e4 e5 2. d4 exd4 3. Qxd4 Nc6 4. Qe3 Nf6 5. Nc3 Bb4 6. Bd2 O-O 7. O-O-O Re8 8. Qf4 Bxc3 9. Bxc3 Rxe4 10. Qg3 d5 11. f3 Re6 12. Ne2 Rd6 13. Qf2 a5 14. g4 b6 15. g5 Ne8 16. h4 Nb4 17. Kb1 c5 18. Be5 Bf5 19. Rd2 Re6 20. f4 Nd6 21. Ng3 Ne4 22. Nxe4 Bxe4 23. Bg2 Qe8 24. Bxe4 dxe4 25. Qe3 Nc6 26. Bc3 Ne7 27. Qh3 e3 28. Rd3 e2 29. Re1 Rd8 30. f5 Re4 31. Kc1 Nd5 32. Qf3 Re3 33. Rxe3 Qxe3+ 34. Qxe3 Nxe3 35. Bd2 Nxf5 36. Rxe2 Kf8 37. Bf4 Rd7 38. h5 Nd4 39. Re4 Ne6 40. Be3 g6 41. hxg6 hxg6 42. Re5 Ke7 43. a3 Kd6 44. Re4 Kd5 45. Rh4 Ke5 46. b4 axb4 47. axb4 Kf5 48. bxc5 bxc5 49. Rh1 Rd5 50. Rf1+ Ke4 51. Bd2 Nxg5 52. Bxg5 Rxg5 53. Rxf7 Rd5 54. Kb2 g5 0-1

[Event "STICH 2324 SG Solingen II - SV Worms 187"]
[Site "?"]
[Date "2024.05.04"]
[Round "10.5"]
[White "Feldmann, Johannes"]
[Black "Schaefer, Markus"]
[Result "1/2-1/2"]
[WhiteElo "2201"]
[BlackElo "2340"]
[PlyCount "24"]
[EventDate "2024.??.??"]

1. d4 Nf6 2. c4 c6 3. Bf4 d5 4. e3 e6 5. Nc3 Be7 6. Nf3 O-O 7. Bd3 dxc4 8. Bxc4 c5 9. O-O Nbd7 10. dxc5 Nxc5 11. Qe2 a6 12. Rfd1 Qe8 1/2-1/2

[Event "STICH 2324 SG Solingen II - SV Worms 187"]
[Site "?"]
[Date "2024.05.04"]
[Round "10.6"]
[White "Berg, Michael"]
[Black "Schluchter, Steffen"]
[Result "1/2-1/2"]
[WhiteElo "2271"]
[BlackElo "2092"]
[PlyCount "89"]
[EventDate "2024.??.??"]

1. d4 Nf6 2. c4 e6 3. g3 d5 4. Nf3 Be7 5. Bg2 O-O 6. O-O b6 7. cxd5 exd5 8. Nc3 Bb7 9. Bf4 Re8 10. Re1 c6 11. Qc2 Nbd7 12. Rad1 Nf8 13. Qb1 Ne6 14. Be5 Nd7 15. e4 f6 16. exd5 cxd5 17. Qf5 Ndf8 18. Bf4 g6 19. Qd3 Nxf4 20. gxf4 Qd7 21. f5 Bd6 22. Rxe8 Rxe8 23. Re1 Rd8 24. Nd2 Bf4 25. Nf1 Kg7 26. Ne3 Qd6 27. h3 Bxe3 28. Qxe3 Rd7 29. Bf1 gxf5 30. Bd3 f4 31. Qf3 Ng6 32. Qg4 Rd8 33. Re6 Qd7 34. Bf5 Qf7 35. Nb5 Qf8 36. Bxg6 hxg6 37. Qxf4 Qf7 38. Re3 a6 39. Nc3 Bc8 40. Qb8 b5 41. a4 bxa4 42. Nxa4 Re8 43. Rxe8 Qxe8 44. Nc5 g5 45. Kh2 1/2-1/2

[Event "STICH 2324 SG Solingen II - SV Worms 187"]
[Site "?"]
[Date "2024.05.04"]
[Round "10.7"]
[White "Michalczak, Thomas"]
[Black "Dausch, Rene"]
[Result "1-0"]
[WhiteElo "2181"]
[BlackElo "2199"]
[PlyCount "51"]
[EventDate "2024.??.??"]

{[%evp 0,51,27,32,32,54,55,56,100,71,82,39,39,45,45,52,45,45,52,52,57,57,57,49,67,57,70,61,70,59,61,51,53,63,64,59,220,232,246,218,228,206,239,235,241,231,394,394,394,394,29993,29994,29995,29996]} 1. e4 d5 2. exd5 Nf6 3. d4 Bg4 4. Bb5+ Nbd7 5. Be2 Bxe2 6. Qxe2 Nxd5 7. Nf3 e6 8. O-O Be7 9. c4 N5f6 10. Nc3 O-O 11. Bf4 a6 12. Rad1 Re8 13. a3 c6 14. Rfe1 b5 15. c5 Nf8 16. Ne5 Rc8 17. Qf3 Nd5 18. Nxf7 Qa5 19. Bg5 Nxc3 20. bxc3 Qxa3 21. Bxe7 Rxe7 22. Nd6 Rcc7 23. Ra1 Qb3 24. Rxa6 Qd5 25. Qxf8+ Kxf8 26. Ra8+ 1-0

[Event "STICH 2324 SG Solingen II - SV Worms 187"]
[Site "?"]
[Date "2024.05.04"]
[Round "10.8"]
[White "Martien, Mike"]
[Black "Bashylina, Luisa"]
[Result "0-1"]
[WhiteElo "2061"]
[BlackElo "2262"]
[PlyCount "112"]
[EventDate "2024.??.??"]

{[%evp 0,112,32,32,58,48,68,6,18,-17,-11,-28,0,15,11,4,0,2,27,7,46,-31,-31,-50,-38,-45,-44,-104,76,59,59,59,38,-4,-4,-54,-71,-142,0,15,20,38,46,57,42,57,57,0,0,0,0,0,0,0,0,-130,23,-40,-69,-69,81,94,139,80,103,106,75,23,18,36,36,-10,48,23,60,120,155,163,151,-96,-103,-226,-232,-213,-213,-225,-194,-239,-222,-222,-219,-222,-212,-218,-249,-243,-201,-221,-202,-212,-208,-275,-309,-331,-339,-336,-334,-350,-260,-341,-348,-360,-358,-428,-428]} 1. e4 c5 2. Nf3 d6 3. c3 Nf6 4. h3 Nc6 5. Bd3 g5 6. Bc2 g4 7. hxg4 Bxg4 8. d3 Rg8 9. Be3 Bh5 10. Nbd2 Rxg2 11. Bb3 e6 12. Qe2 Rg8 13. d4 Qc7 14. d5 exd5 15. exd5 Ne7 16. Ba4+ Kd8 17. Rxh5 Nxh5 18. Ng5 Ng7 19. Nxf7+ Kc8 20. Nh6 Rh8 21. Nf7 Rg8 22. Nh6 Rh8 23. c4 a6 24. b4 cxb4 25. Nf7 Rg8 26. Nh6 Rh8 27. Ne4 Ng6 28. f4 Be7 29. f5 Bh4+ 30. Kd1 Ne5 31. f6 Ne8 32. Bxe8 Rxe8 33. Qh5 Ng6 34. f7 Rf8 35. c5 Qe7 36. Qf5+ Kb8 37. cxd6 Qe5 38. Qxe5 Nxe5 39. Bd4 Nxf7 40. Bg7 Re8 41. Nxf7 Rxe4 42. Kd2 Rf4 43. Ne5 Rd4+ 44. Ke3 Rxd5 45. d7 Ka7 46. Ke4 Rd6 47. Rf1 Rg8 48. Rf7 Bd8 49. Bf8 Rf6 50. Bc5+ b6 51. Bxb4 Rxf7 52. Nxf7 Kb7 53. Kd5 Kc7 54. Ne5 Bf6 55. Bd6+ Kd8 56. Ke6 Bxe5 0-1

[Event "STICH 2324 FC Bayern München II - SG G-"]
[Site "?"]
[Date "2024.05.04"]
[Round "10.1"]
[White "Dahl, Christoph"]
[Black "Soderstrom, Adrian"]
[Result "1/2-1/2"]
[WhiteElo "2421"]
[BlackElo "2317"]
[PlyCount "125"]
[EventDate "2024.??.??"]

1. d4 d5 2. c4 c6 3. Nc3 Nf6 4. e3 e6 5. Nf3 Nbd7 6. Be2 Bd6 7. O-O O-O 8. b3 b6 9. Bb2 Bb7 10. Bd3 Re8 11. Re1 Rc8 12. Rc1 c5 13. cxd5 Nxd5 14. Nxd5 Bxd5 15. Bc4 Bxf3 16. Qxf3 cxd4 17. Bxd4 Ne5 18. Qg3 Ng6 19. Qg4 Ne5 20. Qg3 Ng6 21. f4 Bxf4 22. Qf3 Be5 23. Rf1 Rf8 24. Rcd1 Qc7 25. g3 Bxd4 26. exd4 Rcd8 27. Qe4 Rd6 28. Rd3 Rfd8 29. a4 Qc6 30. Qe3 Qd7 31. Bb5 Qb7 32. Rd2 a6 33. Be2 b5 34. axb5 axb5 35. Qf2 b4 36. Ra1 Ne7 37. Rda2 Qe4 38. Ra7 Nf5 39. g4 Nh6 40. Rf1 R6d7 41. Rxd7 Rxd7 42. Bf3 Qf4 43. h3 Rc7 44. d5 Rc1 45. dxe6 fxe6 46. Rxc1 Qxc1+ 47. Kg2 Nf7 48. Qe2 Qh6 49. Qc2 Qf6 50. Qc8+ Nd8 51. Qd7 g6 52. Qd6 Qf8 53. Qd7 Qf6 54. Be2 Nf7 55. Bc4 Qb2+ 56. Kf1 Qf6+ 57. Ke2 Qe5+ 58. Kd2 Qc3+ 59. Kd1 Qa1+ 60. Ke2 Qe5+ 61. Kf1 Qf6+ 62. Ke2 Qe5+ 63. Kf1 1/2-1/2

[Event "STICH 2324 FC Bayern München II - SG G-"]
[Site "?"]
[Date "2024.05.04"]
[Round "10.2"]
[White "Fedorovsky, Michael"]
[Black "Rudolf, Sebastian"]
[Result "1-0"]
[WhiteElo "2406"]
[BlackElo "2278"]
[PlyCount "59"]
[EventDate "2024.??.??"]

1. d4 d5 2. c4 c6 3. Nf3 Nf6 4. e3 Bf5 5. Nc3 a6 6. Ne5 Nbd7 7. Qb3 Qc7 8. cxd5 Nxe5 9. dxe5 Nxd5 10. Bd2 Nxc3 11. Bxc3 e6 12. Be2 Be7 13. O-O O-O 14. Rac1 c5 15. a4 b6 16. Qc4 h6 17. f4 a5 18. e4 Bh7 19. f5 Bg5 20. Rcd1 Kh8 21. fxe6 fxe6 22. Qxe6 Bxe4 23. Qg4 Qc6 24. e6 Rxf1+ 25. Rxf1 Be3+ 26. Kh1 Bd4 27. Bb5 Qd5 28. Bxd4 cxd4 29. e7 Qe5 30. Rf8+ 1-0

[Event "STICH 2324 FC Bayern München II - SG G-"]
[Site "?"]
[Date "2024.05.04"]
[Round "10.3"]
[White "Zwahr, Paul"]
[Black "Zajogin, Alexander"]
[Result "1-0"]
[WhiteElo "2302"]
[BlackElo "2359"]
[PlyCount "55"]
[EventDate "2024.??.??"]

1. e4 e5 2. Nf3 Nc6 3. Bc4 Bc5 4. c3 Nf6 5. d4 exd4 6. b4 Bb6 7. e5 d5 8. exf6 dxc4 9. Qe2+ Be6 10. b5 Na5 11. fxg7 Rg8 12. cxd4 Bxd4 13. Nxd4 Qxd4 14. Bb2 Qd5 15. Nc3 Qxg2 16. O-O-O Qg5+ 17. f4 Qxf4+ 18. Kb1 Rd8 19. Ka1 Rxg7 20. Rxd8+ Kxd8 21. Rd1+ Kc8 22. Nd5 Qg5 23. Bf6 Qg1 24. Rxg1 Rxg1+ 25. Kb2 c3+ 26. Bxc3 b6 27. Ne7+ Kd7 28. Bxa5 1-0

[Event "STICH 2324 FC Bayern München II - SG G-"]
[Site "?"]
[Date "2024.05.04"]
[Round "10.4"]
[White "Ankerst, Mihael"]
[Black "Kitze, Alexander"]
[Result "1-0"]
[WhiteElo "2361"]
[BlackElo "2316"]
[PlyCount "107"]
[EventDate "2024.??.??"]

1. e4 c5 2. Nf3 d6 3. Bc4 Nc6 4. Nc3 Nf6 5. d4 cxd4 6. Nxd4 Qb6 7. Nxc6 bxc6 8. O-O g6 9. e5 dxe5 10. Qe2 Qc7 11. f4 e4 12. Nxe4 Nxe4 13. Qxe4 Bg7 14. c3 O-O 15. Be3 Bf5 16. Qf3 Rad8 17. Rad1 Rxd1 18. Rxd1 Rd8 19. Rxd8+ Qxd8 20. Qxc6 Qd1+ 21. Kf2 Qc2+ 22. Kg3 h5 23. Qd5 Qxb2 24. Qxf7+ Kh7 25. Bd4 h4+ 26. Kf3 Bg4+ 27. Ke3 Qc1+ 28. Kf2 e5 29. fxe5 Qd2+ 30. Kg1 Qe1+ 31. Bf1 Kh8 32. Qf2 Qd1 33. Qxh4+ Kg8 34. Qf2 Be6 35. Qe2 Qa1 36. Qa6 Bd5 37. a3 Kh7 38. h3 Qe1 39. a4 Kh8 40. a5 Bxe5 41. Bxe5+ Qxe5 42. Qxa7 Qxc3 43. a6 Qa1 44. Qc5 Qa2 45. Qf2 Qa5 46. Bd3 Qa1+ 47. Kh2 Qe5+ 48. Qg3 Qf6 49. h4 Kg7 50. a7 Bc6 51. Qxg6+ Qxg6 52. Bxg6 Kxg6 53. g4 Kf6 54. Kg3 1-0

[Event "STICH 2324 FC Bayern München II - SG G-"]
[Site "?"]
[Date "2024.05.04"]
[Round "10.5"]
[White "Siedentopf, Daniel"]
[Black "Rodewis, Thomas"]
[Result "1/2-1/2"]
[WhiteElo "2229"]
[BlackElo "2355"]
[PlyCount "154"]
[EventDate "2024.??.??"]

1. d4 d5 2. c4 c6 3. Nf3 Nf6 4. e3 Bg4 5. h3 Bxf3 6. Qxf3 e6 7. Nc3 Bb4 8. Bd3 O-O 9. O-O Nbd7 10. Rd1 Qe7 11. Bd2 e5 12. dxe5 Nxe5 13. Qe2 dxc4 14. Bxc4 Nxc4 15. Qxc4 Rad8 16. a3 Ba5 17. Be1 Bc7 18. g3 Nd7 19. Ne2 Ne5 20. Bb4 Qf6 21. Qe4 Rfe8 22. Kg2 Nd3 23. Qf3 Qxf3+ 24. Kxf3 Nxb2 25. Rxd8 Rxd8 26. Rb1 Nc4 27. Bc3 b6 28. Nd4 c5 29. Nc6 Rd3 30. Rc1 a6 31. a4 b5 32. axb5 axb5 33. Na7 Na3 34. Bb2 Nc4 35. Nxb5 Nxb2 36. Nxc7 Rd2 37. Rxc5 Nd1 38. Nd5 Rxf2+ 39. Ke4 g6 40. g4 h6 41. Nf4 Rd2 42. Kf3 Rf2+ 43. Kg3 Ra2 44. Kf3 Ra3 45. Nd5 Kg7 46. Ke2 Nb2 47. Nc3 Ra8 48. Nd5 Ra1 49. Rc2 Na4 50. Kf3 Rh1 51. Kg2 Rb1 52. Rc4 Ra1 53. Kf3 Ra3 54. h4 Nb2 55. Rc2 Nd3 56. Ke4 Ne1 57. Rc4 Ra6 58. Nf4 Ra8 59. Nd5 Re8+ 60. Kf4 Ng2+ 61. Kg3 Nxe3 62. Nxe3 Rxe3+ 63. Kg2 Kf6 64. Rf4+ Ke6 65. Rf2 Ra3 66. Re2+ Kf6 67. Rf2+ Kg7 68. Rf1 Ra5 69. Kg3 f6 70. Rb1 h5 71. Rb7+ Kh6 72. Rf7 Ra3+ 73. Kg2 Ra6 74. Rxf6 Rxf6 75. g5+ Kg7 76. gxf6+ Kxf6 77. Kf2 Kf5 1/2-1/2

[Event "STICH 2324 FC Bayern München II - SG G-"]
[Site "?"]
[Date "2024.05.04"]
[Round "10.6"]
[White "Belezky, Alexander"]
[Black "Kaiser, Dieter"]
[Result "1/2-1/2"]
[WhiteElo "2275"]
[BlackElo "2209"]
[PlyCount "28"]
[EventDate "2024.??.??"]

1. Nf3 d5 2. g3 Nf6 3. Bg2 e6 4. d3 Be7 5. O-O O-O 6. a3 c5 7. c3 Nc6 8. b4 a6 9. Nbd2 h6 10. Bb2 b6 11. Re1 Qc7 12. e4 dxe4 13. dxe4 e5 14. Nc4 Be6 1/2-1/2

[Event "STICH 2324 FC Bayern München II - SG G-"]
[Site "?"]
[Date "2024.05.04"]
[Round "10.7"]
[White "Butscher, Daniel"]
[Black "Grafl, Florian"]
[Result "1/2-1/2"]
[WhiteElo "2123"]
[BlackElo "2346"]
[PlyCount "115"]
[EventDate "2024.??.??"]

1. d4 b6 2. e4 Bb7 3. Bd3 Nf6 4. Nd2 e6 5. Ngf3 d5 6. Qe2 Be7 7. c3 dxe4 8. Nxe4 Nbd7 9. O-O O-O 10. Rd1 Nxe4 11. Bxe4 Bxe4 12. Qxe4 Nf6 13. Qe2 Qd5 14. Bf4 Rac8 15. Ne5 Rfd8 16. c4 Qb7 17. Rd3 c5 18. Rad1 cxd4 19. Rxd4 Rxd4 20. Rxd4 Bc5 21. Rd1 Qe4 22. Qxe4 Nxe4 23. Nd3 Bd4 24. b3 g5 25. Bc1 Rd8 26. Kf1 Nc3 27. Rd2 Bf6 28. Nb4 Rxd2 29. Bxd2 a5 30. Bxc3 Bxc3 31. Nc2 g4 32. Ke2 Be5 33. g3 f5 34. Kd3 h5 35. a3 h4 36. b4 axb4 37. axb4 h3 38. Nd4 Kf7 39. c5 bxc5 40. bxc5 Bc7 41. Nb5 Ba5 42. Nd4 Kf6 43. f4 Be1 44. Ne2 Ke7 45. Kc4 Kd7 46. Kb5 Kc7 47. Kc4 Bf2 48. Kb5 Kb7 49. Kc4 Ka6 50. Kb4 Be3 51. Kc4 Ka5 52. Kd3 Bxc5 53. Nd4 Kb4 54. Nc2+ Kb5 55. Nd4+ Kb4 56. Nc2+ Ka4 57. Nd4 Ka3 58. Nc2+ 1/2-1/2

[Event "STICH 2324 FC Bayern München II - SG G-"]
[Site "?"]
[Date "2024.05.04"]
[Round "10.8"]
[White "Unzicker, Ferdinand"]
[Black "Nake, Matthias"]
[Result "1/2-1/2"]
[WhiteElo "2277"]
[BlackElo "2142"]
[PlyCount "112"]
[EventDate "2024.??.??"]

1. c4 e6 2. Nc3 Nf6 3. Nf3 d5 4. d4 c6 5. g3 Nbd7 6. Bg2 Be7 7. O-O b6 8. Ne5 Bb7 9. e4 dxe4 10. Nxe4 Nxe5 11. dxe5 Nxe4 12. Bxe4 O-O 13. Qf3 Qc7 14. Bf4 Rad8 15. Rfd1 a5 16. b3 Bc5 17. Rac1 Bd4 18. Bg5 f6 19. exf6 Bxf6 20. Bxf6 Rxf6 21. Qh5 g6 22. Rxd8+ Qxd8 23. Rd1 Qc7 24. Qh6 e5 25. Qd2 Rf7 26. Qd6 Kg7 27. Qxc7 Rxc7 28. Rd8 Bc8 29. Kf1 Kf6 30. Rd6+ Ke7 31. Rxc6 Rxc6 32. Bxc6 Kd6 33. Bd5 Kc5 34. h4 h6 35. Ke2 Kd4 36. Kd2 Bf5 37. Bf3 Bb1 38. Kc1 Bd3 39. Kb2 g5 40. Bd1 Be4 41. a3 Bd3 42. Bc2 Be2 43. Bg6 Bd1 44. Be8 Be2 45. hxg5 hxg5 46. Kc2 Bd3+ 47. Kd2 Bf1 48. Bd7 Bd3 49. g4 Bg6 50. Be6 Be8 51. b4 axb4 52. axb4 Ba4 53. c5 bxc5 54. bxc5 Kxc5 55. Ke3 Kd6 56. Bc4 Ke7 1/2-1/2

[Event "STICH 2324 SV 1947 Walldorf - SK 1980 Ge"]
[Site "Ettlingen"]
[Date "2024.05.04"]
[Round "10.1"]
[White "Hebbering, Tom Elliot"]
[Black "Gschnitzer, Adrian"]
[Result "1/2-1/2"]
[WhiteElo "2215"]
[BlackElo "2431"]
[PlyCount "50"]
[EventDate "2024.05.04"]

1. Nf3 c5 2. c4 Nf6 3. g3 Nc6 4. Bg2 d5 5. cxd5 Nxd5 6. d4 cxd4 7. Nxd4 Ndb4 8. Nxc6 Qxd1+ 9. Kxd1 Nxc6 10. Bxc6+ bxc6 11. Nc3 e5 12. f3 Bc5 13. Na4 Bd4 14. e3 Bb6 15. Nxb6 axb6 16. e4 Ba6 17. Be3 O-O-O+ 18. Ke1 Rd3 19. Kf2 Rhd8 20. Rhc1 Kb7 21. Rc2 g6 22. Rac1 Bb5 23. b3 c5 24. a4 Bc6 25. a5 Rxb3 1/2-1/2

[Event "STICH 2324 SV 1947 Walldorf - SK 1980 Ge"]
[Site "Ettlingen"]
[Date "2024.05.04"]
[Round "10.2"]
[White "Richter, Nils"]
[Black "Braun, Vitali"]
[Result "1-0"]
[WhiteElo "2396"]
[BlackElo "2349"]
[PlyCount "137"]
[EventDate "2024.05.04"]

1. Nf3 Nf6 2. c4 e6 3. g3 b6 4. Bg2 Bb7 5. O-O Be7 6. Nc3 O-O 7. Re1 d5 8. cxd5 exd5 9. d4 Nbd7 10. Bf4 a6 11. Rc1 Re8 12. h4 Nf8 13. e3 Ne6 14. Ne5 c5 15. dxc5 bxc5 16. Ng4 Ra7 17. Nxf6+ Bxf6 18. Nxd5 Bxd5 19. Qxd5 Qxd5 20. Bxd5 Bxb2 21. Rc4 Nxf4 22. Rxf4 Be5 23. Re4 Ree7 24. Rb1 g6 25. Rb6 Kg7 26. Rc6 a5 27. Rxc5 Bd6 28. Rc6 Rxe4 29. Bxe4 Bb4 30. Bc2 Re7 31. Kg2 Rd7 32. Bb3 Re7 33. g4 h6 34. Kf3 Ra7 35. Rc4 Rd7 36. Kg3 Be1 37. Rc1 Bb4 38. Rc2 Re7 39. Rc8 Be1 40. Kg2 Bb4 41. Rd8 Bc3 42. Rd3 Bb4 43. Rd5 Rc7 44. f4 Re7 45. Kf3 Ra7 46. h5 gxh5 47. Rxh5 a4 48. Bc2 a3 49. Rb5 Bc3 50. Bb3 Bb2 51. e4 f6 52. Rc5 Rd7 53. Bd5 Re7 54. Rc6 Bd4 55. Kg3 Rd7 56. Rc4 Bb2 57. Kh4 Re7 58. Kh5 Rd7 59. Rc8 Kh7 60. Be6 Re7 61. Bg8+ Kg7 62. Bd5 Kh7 63. Rc6 Kg7 64. Rd6 Rc7 65. e5 fxe5 66. f5 e4 67. Rg6+ Kh8 68. Rxh6+ Kg7 69. g5 1-0

[Event "STICH 2324 SV 1947 Walldorf - SK 1980 Ge"]
[Site "Ettlingen"]
[Date "2024.05.04"]
[Round "10.3"]
[White "Mueller, Maximilian"]
[Black "Muckle, Julius"]
[Result "1-0"]
[WhiteElo "2284"]
[BlackElo "2374"]
[PlyCount "143"]
[EventDate "2024.05.04"]

1. e4 e6 2. d4 d5 3. Nc3 Nf6 4. e5 Nfd7 5. Qg4 c5 6. Nf3 cxd4 7. Nb5 Nc6 8. Bf4 Qa5+ 9. Bd2 Qb6 10. Nd6+ Bxd6 11. Qxg7 Bxe5 12. Nxe5 Rf8 13. Nd3 Qd8 14. Bh6 Ne7 15. Bg5 f6 16. Be2 Rf7 17. Qh8+ Nf8 18. Bxf6 Qa5+ 19. b4 Qc7 20. Bh5 Qc3+ 21. Kd1 Neg6 22. Bxg6 hxg6 23. Bxd4 Qc4 24. Qe5 Bd7 25. Kd2 Rc8 26. c3 Bb5 27. Qe3 Qxd3+ 28. Qxd3 Bxd3 29. Kxd3 a6 30. Rhe1 Rf5 31. Re2 Kf7 32. Rae1 g5 33. Kc2 Re8 34. Re5 Rxe5 35. Rxe5 Kg6 36. Be3 Nh7 37. Kd3 Kf6 38. Bd4 Kg6 39. c4 Nf6 40. Be3 g4 41. cxd5 Nxd5 42. Rg5+ Kf7 43. Rxg4 Rd8 44. Kc2 Rc8+ 45. Kb2 e5 46. Re4 Kf6 47. Bd2 b5 48. Rh4 Kg7 49. Kb3 Re8 50. Re4 Nf6 51. Re1 Kf7 52. Bc3 Nd7 53. a4 Re6 54. axb5 axb5 55. Kc2 Rc6 56. Kd3 Rd6+ 57. Ke4 Rc6 58. Bxe5 Nxe5 59. Kd5 Rc4 60. Rxe5 Rxb4 61. Re4 Rb2 62. Rf4+ Kg6 63. h4 Kh5 64. Ke5 b4 65. Kf5 b3 66. g4+ Kxh4 67. g5+ Kh5 68. Rf3 Kh4 69. g6 Rd2 70. g7 b2 71. Rb3 Rxf2+ 72. Kg6 1-0

[Event "STICH 2324 SV 1947 Walldorf - SK 1980 Ge"]
[Site "Ettlingen"]
[Date "2024.05.04"]
[Round "10.4"]
[White "Faerber, David"]
[Black "Peterson, Emery"]
[Result "0-1"]
[WhiteElo "2411"]
[BlackElo "2166"]
[PlyCount "114"]
[EventDate "2024.05.04"]

1. e4 e6 2. d4 d5 3. Nd2 Nf6 4. e5 Nfd7 5. Bd3 c5 6. c3 Nc6 7. Ne2 f5 8. Nf3 Be7 9. Nf4 Nf8 10. h4 cxd4 11. cxd4 Qb6 12. O-O Ng6 13. Nh5 O-O 14. Be3 Nxh4 15. Nxh4 Bxh4 16. g4 Qd8 17. gxf5 exf5 18. Qf3 f4 19. Nxf4 Qg5+ 20. Kh1 Ne7 21. Rg1 Qh6 22. Qh5 Qxh5 23. Nxh5 g6 24. Ng3 Nf5 25. Nxf5 Bxf5 26. Bxf5 Rxf5 27. f4 Rc8 28. Rac1 Rff8 29. Rxc8 Rxc8 30. f5 Kf7 31. fxg6+ hxg6 32. Rg2 Kg7 33. Kg1 Rc4 34. Kh2 a5 35. Kh3 Be7 36. Kg4 b5 37. Kf3 b4 38. Rh2 a4 39. Rg2 Bd8 40. Rd2 Ba5 41. Kg4 b3 42. Rd3 bxa2 43. Ra3 Bb6 44. Kg5 Bxd4 45. Bxd4 Rxd4 46. e6 Rd2 47. e7 Kf7 48. Rxa2 Kxe7 49. Rxa4 Ke6 50. b4 Ke5 51. Kxg6 d4 52. Ra5+ Ke4 53. Kf6 Rb2 54. Re5+ Kd3 55. b5 Kc4 56. Re1 Rxb5 57. Rc1+ Kd3 0-1

[Event "STICH 2324 SV 1947 Walldorf - SK 1980 Ge"]
[Site "Ettlingen"]
[Date "2024.05.04"]
[Round "10.5"]
[White "Borchert, Rene"]
[Black "Vonthron, Horst"]
[Result "1-0"]
[WhiteElo "2244"]
[BlackElo "2347"]
[PlyCount "151"]
[EventDate "2024.05.04"]

1. e4 c5 2. c3 e6 3. d4 Nf6 4. e5 Nd5 5. Nf3 cxd4 6. cxd4 d6 7. Bc4 Nc6 8. O-O Be7 9. a3 O-O 10. Qc2 Bd7 11. Bd3 f5 12. exf6 Nxf6 13. Nc3 Qe8 14. Re1 Rc8 15. Qe2 Qh5 16. Bf4 Nd5 17. Bg3 Nf4 18. Qe3 e5 19. Bxf4 exf4 20. Qe4 Bg4 21. Be2 Bf6 22. Nd5 Qh6 23. Nxf6+ Qxf6 24. Rad1 Kh8 25. h3 Rce8 26. Qd3 Bf5 27. Qb5 Be4 28. Qg5 Qf7 29. Nh2 h6 30. Qb5 Qf6 31. Bf3 Nxd4 32. Qh5 Bg6 33. Qd5 Rxe1+ 34. Rxe1 b6 35. Be4 Re8 36. Ng4 Qg5 37. Qxd4 h5 38. Nh2 Qf6 39. Qd5 Qe6 40. Bxg6 Qxe1+ 41. Nf1 Qe5 42. Qf7 Rd8 43. Bf5 Qf6 44. Qxh5+ Qh6 45. Qf7 Qg5 46. Bg4 Qf6 47. Qxa7 Qxb2 48. Qc7 Ra8 49. Bf3 Re8 50. Qxd6 Qf6 51. Qxf6 gxf6 52. Bc6 Rc8 53. Bb5 Rc2 54. a4 Kg7 55. g3 f3 56. g4 Ra2 57. Ne3 Kg6 58. h4 Rb2 59. Nc4 Ra2 60. Nxb6 f5 61. Bd3 Kf6 62. Bxf5 Ke5 63. Nd7+ Kf4 64. Nc5 Ke5 65. Nd3+ Kd4 66. Kh2 Rxa4 67. Kg3 Ra1 68. Kxf3 Kd5 69. h5 Kd6 70. h6 Ke7 71. h7 Ra8 72. Ne5 Kf6 73. Ng6 Kg5 74. Kg3 Ra3+ 75. f3 Rb3 76. h8=B 1-0

[Event "STICH 2324 SV 1947 Walldorf - SK 1980 Ge"]
[Site "Ettlingen"]
[Date "2024.05.04"]
[Round "10.6"]
[White "Gschnitzer, Oswald"]
[Black "Schupp, Uwe"]
[Result "1-0"]
[WhiteElo "2343"]
[BlackElo "2051"]
[PlyCount "57"]
[EventDate "2024.05.04"]

1. d4 d6 2. Nf3 Nf6 3. c4 Nbd7 4. Nc3 e5 5. Bg5 Be7 6. e3 O-O 7. Qc2 Ng4 8. Bxe7 Qxe7 9. Bd3 Ngf6 10. O-O-O Re8 11. Nd2 Nf8 12. h3 c6 13. g4 a6 14. dxe5 dxe5 15. g5 N6d7 16. Nde4 Kh8 17. h4 b5 18. Be2 Rb8 19. Nd6 Rd8 20. Nce4 Bb7 21. c5 a5 22. Rd2 Ne6 23. Nf5 Qe8 24. Rhd1 Ba6 25. Bh5 g6 26. Ned6 Qf8 27. Nh6 gxh5 28. Ndxf7+ Kg7 29. Nxd8 1-0